| 000 | 00886nam a22002897a 4500 | ||
|---|---|---|---|
| 003 | CHAP | ||
| 005 | 20220329135522.0 | ||
| 008 | 971013s1985 r 00010 d | ||
| 010 | _a37945 | ||
| 011 | _a38917 | ||
| 035 | _a43037 | ||
| 040 | _cCHAP | ||
| 090 | _aFolleto 10459 | ||
| 100 | 0 | 0 |
_aMiller, K. F. _975785 |
| 245 | _aWindthrow hazard classification | ||
| 260 |
_aLondon : _bHer Majesty's Stationery Office, _c1985 |
||
| 300 |
_a14 p. _b: ilus |
||
| 490 |
_aForestry Commission leaflet _v; 85 |
||
| 590 |
_aBATCH-UPD _b10 _c20130110 _lUCH01 _h0046 |
||
| 590 |
_aBATCH-UPD _b10 _c20130110 _lUCH01 _h2136 |
||
| 590 |
_aCONVERSION _b10 _c20130109 _lUCH01 _h1321 |
||
| 650 | 1 | 4 |
_aVientos _xEfecto en plantas. _9119292 |
| 830 | 0 |
_aForestry Commission leaflet _v; 85 _942371 |
|
| 901 | _aBK | ||
| 942 | _cFOLL | ||
| 949 |
_aFolleto 10459 _bBC _cFOLL _d-98862 _eTS1 _gI.c/e _i43037 _si _t2.04 |
||
| 999 |
_c37945 _d37945 |
||